Seriál : O behaviorálnych financiách

Behaviorálne financie v ekonomickej teórii.

Gespeichert in:
Bibliographische Detailangaben
1. Verfasser: Pilch, Ctibor, 1957-
Format: Buchkapitel
Sprache:Slowakisch
Schlagworte:
Tags: Tag hinzufügen
Keine Tags, Fügen Sie das erste Tag hinzu!

MARC

LEADER 00000nla$a2200000$$$4500
001 0142156
005 20240502072540.0
041 0 |a slo 
044 |a SK 
245 1 0 |a Seriál : O behaviorálnych financiách  |c Ctibor Pilch 
520 |a Behaviorálne financie v ekonomickej teórii. 
610 2 0 |a teórie ekonomické 
610 2 0 |a trh finančný 
610 2 0 |a pojmy 
610 2 0 |a ekonomika sociálna 
610 2 0 |a behaviorizmus 
100 1 |a Pilch, Ctibor, 1957-